[Event "RUS-chT 05th"]
[Site "Maikop"]
[Date "1998.06.04"]
[Round "2"]
[White "Ionov, Sergey"]
[Black "Totsky, Leonid"]
[Result "0-1"]
[WhiteElo "2530"]
[BlackElo "2490"]
[Annotator "Ribli,Z"]
[PlyCount "76"]
[EventDate "1998.06.03"]
[EventType "team-tourn"]
[EventRounds "11"]
[EventCountry "RUS"]
[SourceTitle "CBM 066"]
[Source "ChessBase"]
[SourceDate "1998.09.30"]
[SourceVersion "1"]
[SourceVersionDate "1998.09.30"]
[SourceQuality "1"]
[WhiteTeam "Sankt Petersburg"]
[BlackTeam "Ekaterinburg Agat"]
[WhiteTeamCountry "RUS"]
[BlackTeamCountry "RUS"]

1. d4 {Meulders} e6 2. Nf3 (2. e4 {führt zur Französischen Verteidigung. Ribli.
}) 2... c5 3. e4 {Das ist eine ungewöhnliche Zugfolge, um die Sizilianische
Verteidigung zu erreichen.} cxd4 4. Nxd4 a6 5. Nc3 Qc7 6. Be2 Nf6 7. O-O Nc6 (
7... Bb4 $5) 8. Be3 {Das ist ein typischer Zug in der Paulsen Variante.
Schwarz könnte jetzt mit 8...d6 in die Scheveninger Variante übergehen.
Meulders: So spielte man diese Variante oft in den Jahren 60 und 70. Später
wurde diesen Zug ersetzt durch 8.Kh1 um nach 8...Bb4 9.Qd3 Ne5 10.Qg3 zu
spielen. mit Fesselung von Ne5 und Angriff auf g7.} Bb4 9. Na4 O-O {Das ist
die klassische Fortsetzung. Heutzutage ist eher 9...Be7 in Mode.} (9... Be7 {
Meulders} 10. Nxc6 bxc6 11. Nb6 Rb8 12. Nxc8 Qxc8 13. e5 Nd5 14. Bc1 Bc5 15. c4
Ne7 16. b3 Qc7 $14) 10. Nxc6 bxc6 11. Nb6 {Die Partiefortsetzung gewinnt
praktisch einen Bauern, aber ich glaube es ist besser, 11.c4 mit dauerhaftem
Druck zu spielen.} Rb8 12. Nxc8 Rfxc8 (12... Qxc8 $6 {So kann Schwarz den
Bauern verteidigen, verbleibt aber in passiver Stellung.} 13. e5 (13. Bf4 Rb6
14. Qd4 Qb7 15. Be3 c5 16. Qd3 $5 {[%csl Rb4]}) 13... Nd5 14. Ba7 (14. Bc1 $5)
14... Ra8 15. Bd4 c5 16. c4 cxd4 17. cxd5 $16 {[%csl Rd4]}) 13. Bxa6 Rf8 $5 {
Auf den ersten Blick ist es nicht leicht, diesen Zug zu verstehen. In der
Variante 13...Rd8 kann Weiß 14.Bd3 Bd6 15.Kh1 spielen und nach 15...Be5 16.c3
Rxb2 17.Qc1 Ng4! 18.f4 (18.Qxb2 Bxc3!) Nxe3 19.Qxb2 Bxf4 20.Qf2 Nxf1 21.Rxf1
g5 22.g3 hängt der Bauer auf f7. Nach der Partiefortsetzung wäre die gesamte
Variante günstig für Schwarz, denn f7 ist gedeckt. Weiß muß daher früher
abweichen. Meulders: Im Lauf der Jahren hat dieser Zug die ältere Turmzüge 13..
.Re8 und (später 13...Rd8) verdrängt.} (13... Rd8 {Meulders} 14. Bd3 Bd6 15.
Kh1 Be5 16. c3 Rxb2 17. Qc1 Ng4 $13 {Tal-Liberzon, Skara 1980}) (13... Re8 {
Meulders} 14. Bd3 Bd6 15. Kh1 Be5 16. c3 Rxb2 17. Qc1 Qb7 18. f4 Bc7 19. e5 Nd5
20. Bc5 $14 {Kochiev}) 14. Bd3 Bd6 15. f4 (15. Kh1 Be5 16. c3 $6 Rxb2 17. Qc1
Ng4 $1 18. f4 Nxe3 19. Qxb2 Bxf4 $17 {[%csl Ge3,Gf4][%cal Gc7h2]}) 15... e5 16.
f5 Rxb2 17. g4 {Es ist eine zweischneidige Stellung entstanden. Weiß plant
einen gefährlichen Bauernsturm am Königsflügel, aber Schwarz hat stets
Gegenchancen am Damenflügel und im Zentrum.} Qa5 (17... h6 18. h4 Re8 (18...
Nd5 {Meulders} 19. exd5 e4 20. Bxe4 Re8 21. Qd3 cxd5 22. Qxd5 Re5 23. Qd3 Rb4
24. Rf4 Re8 25. Raf1 Bxf4 26. Rxf4 Rexe4 27. Rxe4 Qg3+ {0-1 Bednarski,J-Kirov,
N/Concordia 1977/MCL 03}) 19. g5 Nd5 20. exd5 e4 21. Be2 Bc5 22. Bxc5 Qg3+ 23.
Kh1 Qh3+ {1/2-1/2 Babula,M-Beil,Z/CZE Moravia-ch Prerov 1995}) 18. g5 (18. Kh1
Bc5 19. Bc1 (19. Bd2 Bb4 20. Bc1 Rxa2 21. Rxa2 Qxa2 22. g5 Ne8 23. Qe2 Nd6 24.
f6 g6 25. Qg4 Qe6 26. Qh4 Ra8 27. Rf3 Ra1 28. Rf1 Ne8 29. Be2 Qa2 30. Qh3 Qxc2
31. Bd3 Qc3 32. Qxd7 Rxc1 33. Qxe8+ Bf8 34. Qd7 Qd2 35. Rxc1 Qxc1+ 36. Kg2
Qxg5+ 37. Kf3 Qxf6+ 38. Ke2 Bc5 39. Bc4 Qf2+ 40. Kd3 Qd4+ 41. Qxd4 Bxd4 42. Ba6
Kg7 43. Bc8 Kf6 44. Ke2 c5 45. Kd3 Kg5 46. Bd7 Kf4 {0-1 Mach,H-Kaenel,H/Biel
op 1990/EXP 19}) (19. Bg5 Rxa2 20. Rb1 Kh8 21. Bxf6 gxf6 22. Qc1 Rg8 23. Bc4
Qa4 24. Qh6 Be7 25. Bd3 Qd4 26. h3 Rb2 27. Rxb2 Qxb2 28. Kg2 c5 29. Qd2 d5 30.
exd5 Qd4 31. Qe2 Qxd5+ 32. Qe4 Qxe4+ 33. Bxe4 Rd8 {1/2-1/2 Sutton,R-Stuart,P/
NZD-ch 1991/EXT 91ch}) 19... Rxa2 20. Rxa2 Qxa2 21. g5 Ne8 22. Qe2 (22. Qh5 d5
23. f6 g6 24. Qh3 (24. Qh6 dxe4 25. Bxe4 Qc4 26. Bg2 Qe2 27. Qh4 Nc7 28. Qe4
Qxe4 29. Bxe4 Nd5 30. Bb2 Be3 31. h4 h6 32. h5 Bxg5 33. hxg6 Bf4 34. Ba3 Ra8
35. Be7 Re8 36. Bf5 fxg6 37. Be6+ {1-0 Luther,T-Stone,R/Groningen op 1990/CBM
22}) 24... Qa4 25. Re1 Bf2 $15) 22... Nd6 23. Qg4 g6 24. fxg6 fxg6 25. Qxd7
Rxf1+ 26. Bxf1 Qxc2 {1/2-1/2 Hartmann,G-Bischoff,K/BL8687 1987 (38)} (26...
Qxc2 {Meulders} 27. Qd8+ Kf7 28. Qf6+ Kg8 29. Qd8+ Kf7 30. Qf6+ Kg8 31. Qd8+
Kf7 32. Qf6+ Ke8 33. Qxe5+ Kd8 34. Qf6+ Kc8 35. Qf8+ Kb7 36. Qe7+ Kb6 37. Qd8+
Kb7 38. Qd7+ Kb6 {1/2-1/2 Hartmann,G-Bischoff,K/BL8687 1987/BL 80})) 18... Bc5
$2 {Das ist ein bekannter Fehler. Es wäre besser, zuerst 18...Ne8 zu spielen.}
(18... Ne8 19. Kh1 (19. g6 {Meulders} Bc5 20. Qe2 d5 21. gxh7+ Kh8 22. Kh1 dxe4
23. Bxe4 Bxe3 24. Qxe3 Nf6 25. Rad1 Qa4 $15 {0-1 Bolzoni,V-Pira,D/Paris AECE
1989/EXT 89b (40)}) 19... Bc5 20. Bd2 $6 (20. Bxc5 Qxc5 {mit Übergang zur
Partiestellung.}) 20... Bb4 21. Bc1 Rxa2 22. Rb1 d5 23. Qg4 g6 $15) 19. Bxc5 $2
{Weiß verpaßt seine Chance!} (19. gxf6 $1 Bxe3+ 20. Kh1 gxf6 21. Rg1+ Kh8 (
21... Bxg1 22. Qg4+ Kh8 23. Rxg1 {[%csl Rh8][%cal Rg1g7]}) 22. Qg4 $18 {
[%csl Rh8][%cal Rg1g7]}) 19... Qxc5+ 20. Kh1 Ne8 {Mit Zugumstellung ist jetzt
eine Stellung entstanden, die für die gesamte Variante von großer Bedeutung
ist.} 21. f6 (21. Qg4 d5 (21... f6 {Meulders} 22. g6 h6 23. Rfb1 Qb4 24. Qg1 d5
25. Rxb2 Qxb2 26. a4 Nd6 27. Rb1 Qa3 28. Qa7 dxe4 29. Be2 Nxf5 30. Rb8 Qc1+ 31.
Kg2 Nh4+ 32. Kh3 Nxg6 $19 {Mueller,K-Szabolcsi,J/Autoteam 1991/EXP 26/1-0 (58)}
) (21... Nc7 22. a4 Ra8 23. g6 fxg6 24. fxg6 Ne6 25. gxh7+ Kh8 26. Rf7 Rf8 27.
Rxd7 Qe3 28. Rg1 g5 29. Re7 Nd4 $2 (29... Nf4 $142 {/\ Nh3 <=>}) 30. Qxg5 Qxg5
31. Rxg5 Nf3 32. Rg8+ Rxg8 33. hxg8=Q+ Kxg8 34. a5 $18 {_|_} Kf8 35. Rc7 Ra2
36. a6 Ra1+ 37. Kg2 Ne1+ 38. Kg3 Nxd3 39. a7 Nc5 40. Rc8+ Ke7 41. a8=Q Nxe4+
42. Kg4 Rxa8 43. Rxa8 Ke6 44. h4 Nf6+ 45. Kg5 e4 46. Kf4 Kd5 47. Rd8+ Kc4 48.
Rd6 Nh5+ 49. Kxe4 c5 50. Rd3 Kb4 51. Rf3 {1-0 Mueller,K-Cramling,P/Hamburg SKA
1991/CBM 24/[Blatny,P]}) 22. Rf3 dxe4 23. Bxe4 Rb4 24. Rh3 Nd6 25. Qh5 Rfb8 26.
Qxh7+ Kf8 27. Rf1 Rb1 28. Rhf3 Nxe4 29. f6 Rxf1+ 30. Rxf1 Nxf6 31. gxf6 Qd5+
32. Kg1 Qd4+ 33. Kh1 Qd5+ 34. Kg1 Qd4+ 35. Kh1 {1/2-1/2 Luther,T-De La Riva,O/
Olot op 1994}) (21. Qh5 f6 22. Rf3 fxg5 23. Qxg5 Nf6 24. Rg1 (24. Rg3 {Meulders
} Rf7 25. Qc1 Qd4 26. Re3 d5 27. Qe1 h6 28. a4 dxe4 29. Bxe4 Nxe4 30. Rxe4 Qc5
31. Rxe5 Qxc2 32. Qg3 Rxf5 $19 {0-1 Claesen,J-Fancsy,I/WchJM-U18 1992/TD 92\06
(41)}) 24... Rf7 25. Rfg3 Rb4 (25... d5 26. Qh6 Qa7 27. a4 Kh8 28. Qc1 Rb4 29.
c4 dxe4 30. Qe1 Qc5 31. Be2 Rxa4 32. Qd2 Ra8 33. Qc1 Qf2 34. Qb2 Qd4 35. Qc1
Ra2 36. Rd1 Qc5 37. Qe3 Qa5 38. Rd3 Qe1+ 39. Rg1 Qxe2 40. Qxe2 Rxe2 41. Rd8+
Ng8 42. Rb1 Ra2 {0-1 Wajih,N-Mishra,N/IND-ch 1994/EXP 41}) 26. Qh6 Qe7 27. Qe3
d5 28. c3 Rb2 {Hagarova,Z-Bojkovic,N/Erevan olw 1996/1/2-1/2 (62)} (28... Rb2
29. R3g2 Rxg2 30. Rxg2 Qa7 31. Qe1 Rd7 32. exd5 cxd5 33. Qxe5 Re7 34. Qd4 Re1+
35. Rg1 Rxg1+ 36. Kxg1 Qxa2 37. c4 Qa4 38. Qe3 Qd1+ 39. Kg2 Qg4+ 40. Qg3 dxc4
41. Qxg4 Nxg4 42. Bxc4+ Kf8 43. Kg3 Ne3 44. Bd3 Kf7 45. Kf4 Nd5+ 46. Ke5 Nf6
47. Kf4 Nd5+ 48. Ke5 Nf6 49. Kf4 Nd7 50. Bb5 {Hagarova,Z-Bojkovic,N/Erevan olw
1996/EXT 96ch2/1/2-1/2 (62)})) (21. Qc1 {Meulders} Rb4 22. a3 Rd4 23. g6 d5 24.
gxh7+ Kxh7 25. f6 dxe4 26. fxg7 Nxg7 27. Rg1 f6 28. Be2 Rd7 29. Qf1 f5 {
1/2-1/2 Hennigan,M-Fogarasi,T/Guildford 1991/EXP 24}) 21... g6 22. Qg4 {
[%csl Rf8,Gg4,Rg8][%cal Rg4d7,Gg4h4,Gh4h7]} Nc7 $5 {Der Springerzug befreit
den Königsflügel und im Falle einer Mattdrohung auf g7 kann Schwarz den
Springer nach e6 stellen.} (22... d5) 23. h4 $146 {[#] Weiß verteidigt seinen
Bauern g5 und kann möglicherweise h4-h5 mit Angriffschancen folgen lassen. Der
Nachteil des Zuges besteht in der Schwächung der weißen Königsstellung. Jetzt
wird die Tür abgeschlossen; Weiß hätte auf d7 nehmen müssen.} (23. Qxd7 Ne6 24.
Qe7 $2 (24. a4) (24. h4 Qe3 {[%csl Ge3,Rh1]} (24... Rd8 25. Qe7 Qe3 (25... Qxe7
26. fxe7 Re8 $11 {[%csl Re7]}))) (24. Rg1 {Meulders} Qe3 25. Rg3 Qf4 26. Rf1
$16) 24... Qe3 25. Rae1 Qxg5 26. Rf2 Qh4 27. Ref1 Rxa2 28. Rg2 {-+ Kuijf,
M-Illescas Cordoba,M/Sevilla 1987} (28. Rg2 Nf4 $1 $19)) 23... Ne6 $13 24. Rae1
{Das Problem für Weiß ist, daß er keine konkreten Drohungen schafft, während
Schwarz über einen klaren Plan (...d5, ...Ra8 usw.) verfügt.} Rxa2 25. h5 Qd4
26. hxg6 (26. Re2 Ra1 27. Rxa1 Qxa1+ 28. Kh2 $15 (28. Kg2 $2 Nf4+ {[%cal Rf4g2,
Rf4e2]} (28... Qc1 {[%csl Gc1,Ge6,Rg5]}))) 26... fxg6 {Meulders: So kann sich
auch Rf8 eventuell mit der Verteidigung von Ph7 beschäftigen, obwohl
strukturell gesehen hxg6 zu bevorzugen war.Offenbar wollte Schwarz Mattangriff
(Qh4,Rf2-h2) entlang die h-Linie ausschalten.} (26... hxg6 $5 {Es passiert
nichts in der h-Linie, aber es ist psychologisch verständlich, daß Schwarz mit
dem f-Bauern zurückschlägt.}) 27. Rd1 Nf4 {[%csl Gf4]} 28. c3 Qc5 {Der Textzug
ist viel besser als die sofortige Annahme des Bauern c3.} (28... Qxc3 $6 29.
Qxd7 Rf7 30. Qd8+ (30. Qe8+ {Meulders} Rf8 31. Qd7 Rf7 $11 (31... Rh2+ $2 32.
Kxh2 Qb2+ 33. Bc2 Qxc2+ 34. Rd2 $18)) 30... Rf8 31. f7+ (31. Qd7 $11) (31. Qe7
$2 Rh2+ $1 32. Kxh2 Qb2+ $19 {[%csl Gb2,Gf4,Rh2][%cal Rb2h2] und der weiße
König befindet sich im Mattnetz.}) 31... Kxf7 32. Rxf4+ exf4 33. Qd7+ Kg8 34.
Qe6+ {[%cal Re6g8,Ge6a2]}) 29. Bb1 {[%csl Rd7][%cal Rb1a2,Rd1d7]} (29. Qxd7 Ra7
{[%csl Ga7][%cal Ra7h7]} 30. Qg4 Qxc3) 29... Ra7 30. Rxd7 Kh8 $1 $15 {Ein sehr
guter prophylaktischer Zug. Schwarz nimmt viele taktische Möglichkeiten in der
Diagonalen a2-g8 aus der Stellung} 31. Rfd1 (31. Rxa7 {Meulders} Qxa7 32. Rxf4
$2 exf4 33. Qxf4 Qa1 34. Qc1 Rb8 $19) 31... Nh5 {Meulders: Der Springer deckt
ein Matt auf g7 und bereitet schon ...h6 vor, mit Sprengung von der Kette
g5-f6.} 32. Rxa7 (32. Rd8 Ra8 33. Rxa8 Rxa8) 32... Qxa7 {[%csl Rh1][%cal Ga7g1]
Weiß hat keinen Angriff. Sein König ist schutzlos.} 33. Qg1 (33. Rd7 Qf2 {
[%csl Rh1][%cal Rh5g3,Rg3h1]} 34. Qg2 Qh4+ 35. Kg1 Nf4 $19 {[%csl Rg1,Rg2]}) (
33. Qf3 {Meulders} h6 $17) 33... Qa5 $1 {[%csl Ga5][%cal Ra5c3] Natürlich
tauscht Schwarz nicht die Damen.} 34. Qe3 h6 $1 {Schwarz bringt die weiße
Bauernkette am Königsflügel in Unordnung. Meulders: Nun kommt Schwarz am Ball.}
35. gxh6 Rxf6 {[%csl Rb1,Yf4,Rh1,Gh5]} 36. Rg1 $2 (36. Qg5 $5 {Es droht nichts,
aber die schwarzen Figuren sind gebändigt.} Qxc3 37. Rd8+ Kh7 38. Rd7+ $11)
36... Nf4 $17 {[%csl Gf4,Rh1,Rh6]} 37. Qd2 {[%cal Rd2d7,Rd7g7]} (37. Rg5 {
Meulders} Qa1 38. Qc1 Nd3 39. Qc2 Rf3 40. Rg2 Ne1 41. Qd1 Rh3+ 42. Rh2 Rxh2+
43. Kxh2 Qb2+ $19) 37... Qc7 {Schwarz verteidigt das Einbruchsfeld d7 und
plant später mit der Dame via h7 ins Spiel zu kommen.} 38. Ba2 g5 $1 $19 {
[%csl Rh1] [#] Weiß gab auf. Sein König erliegt dem schwarzen Mattangriff.} (
38... g5 39. Qh2 (39. Rxg5 Rxh6+ {[%cal Rh6h1]} 40. Kg1 Qa7+ $19 {[%csl Rg1]} (
40... Nh3+ $19)) 39... Qh7 {[%cal Rf6h6,Rh6h1]} 40. Rxg5 Qxe4+ (40... Rxh6 $2
41. Rg8+ Qxg8 42. Qxh6+ Qh7 $11) 41. Kg1 Qe1#) 0-1

[Event "Katrineholm"]
[Site "Katrineholm"]
[Date "1999.05.11"]
[Round "1"]
[White "Berg, Emanuel"]
[Black "Cramling, Pia"]
[Result "1/2-1/2"]
[WhiteElo "2364"]
[BlackElo "2515"]
[Annotator "Ribli,Z"]
[PlyCount "156"]
[EventDate "1999.05.??"]
[EventType "tourn"]
[EventRounds "9"]
[EventCountry "SWE"]
[EventCategory "12"]
[SourceTitle "CBM 071"]
[Source "ChessBase"]
[SourceDate "1999.08.01"]
[SourceVersion "1"]
[SourceVersionDate "1999.08.01"]
[SourceQuality "1"]

{[%mdl 4160]} 1. e4 c5 2. Nc3 Nc6 3. Nf3 e6 (3... e5 {Weiß kann jetzt nicht d4
ziehen, aber das Feld d5 wird schwach.}) 4. d4 cxd4 5. Nxd4 Qc7 6. f4 Nxd4 {
Das ist die beste Zugfolge für Schwarz. Nach 6...a6 kann Weiß mit 7.Be2 Nxd4 8.
Nxd4 auch die Partiefortsetzung wählen, aber auch die Alternative 7.Nxc6.} 7.
Qxd4 {Die weiße Dame steht auf d4 nicht so gut, was Schwarz Gegenchancen gibt.}
a6 8. Be3 b5 9. Be2 {Mit diesem Zug geht Weiß in eine übliche Variante über.
Vielleicht kommt der andere Läuferzug in Betracht.} (9. Bd3 $5) 9... Bb7 10.
Bf3 {In unsere Partie möchte Weiß nicht viel riskieren und spielt die ruhige
Fortsetzung, aber die lange Rochade ist auch spielbar.} (10. O-O-O Rc8 {
[%cal Gc8c1]}) 10... Rc8 11. O-O h5 {Ein wichtiger Vorbereitungszug, der dem
schwarzen Springer das feld g4 sichert.} (11... Nf6 $2 12. e5 Bxf3 13. exf6 $18
{[%csl Rf3][%cal Rf6g7]}) 12. Rad1 (12. Rfd1 Nf6 13. e5 Nd5 14. Nxd5 Bxd5 15.
a4 Qb8 $13) 12... Nf6 13. a3 {Ein wenig ambitionierter Zug. Weiß hatte Angst
vor ...b5-b4, aber normalerweise sind diese langsamen Züge dem Schwarzen in
der Sizilianischen Verteidigung nicht gefährlich. Das letzte Wort der Theorie
ist 13.h3, was gegen Ng4 gerichtet ist.} (13. Kh1 Be7 14. Rd2 d6 15. a4 (15. f5
{Taimanov,M}) 15... b4 16. Nd1 O-O 17. Nf2 e5 $36 {Nunn,J-Andersson,U/Szirak
izt/1987}) (13. Rd2 $5 Be7 (13... Ng4 14. Bxg4 hxg4 15. Rfd1 d6 16. a4 $36) 14.
Rfd1 d6 15. a4 {Taimanov,M}) (13. h3 h4 14. Rf2 Bc5 15. Qd3 Bxe3 16. Qxe3 b4
17. Na4 O-O 18. Nb6 Rcd8 19. e5 Bxf3 20. Qxf3 Ne8 21. Qe3 d5 {1/2-1/2 Dvoirys,
S-Tregubov,P/St. Petersburg 1998/CBM 67 (45)}) 13... Be7 (13... Bxa3 $5 14.
Nxb5 (14. bxa3 Qxc3 15. Qa7 (15. Qxc3 Rxc3 $17 {[%csl Re4][%cal Rc3e3,Rc3a3]})
15... Bxe4 $17) 14... axb5 15. bxa3 Qc3 $11 (15... Qxc2 16. Rc1 Qa4 17. Rxc8+
Bxc8 18. Rc1 $44)) 14. Kh1 d6 (14... Ng4 15. Bxg4 (15. Bg1) 15... hxg4 16. Qxg7
$16) 15. Rf2 (15. Rd2 Ng4 $5 {Auch hier funktioniert dieser Zug.} 16. Bxg4 Bf6)
15... Ng4 $5 {[%cal Gg4f2,Gg4e3]} (15... O-O $11) 16. Bxg4 (16. Qxg7 Bf6 $19) {
[#]} 16... Bf6 $1 {Ein starker Zwischenzug, nach dem Schwarz mindestens
gleiche Chancen hat.} (16... hxg4 17. Qxg7 $16) 17. Qxd6 (17. Qd3 hxg4 $15 {
[%csl Gb7,Gf6][%cal Gh8h1,Rg4g3]}) 17... Qxd6 18. Rxd6 hxg4 $44 {[%csl Gb7,Gf6]
Schwarz hat jetzt einen Bauern weniger, aber die zwei Läufer stehen
ausgezeichnet in den langen Diagonalen und der Bauer e4 ist schwach.} 19. Kg1 {
Weiß verhindert Motive in der h-Linie.} (19. e5 g3 $15 {[%csl Gg3,Rh1][%cal
Rg3f2,Rh8h2]}) 19... Bxc3 20. bxc3 Bxe4 $11 {[%csl Ge4] Nach Vereinfachungen
haben eine ausgeglichene Stellung. Der Läufer e4 scheint stärker als sein
Gegenüber, aber Schwarz hat Schwächen auf a6 und g7.} (20... Rxc3 21. Bd4 {
[%cal Rd4c3,Rd4h8]} (21. Rd3 $6 Rc4 $15) 21... Rc6 22. Rxc6 Bxc6 23. Bxg7 Rh7
24. Bf6 Bxe4 25. Rd2 Bd5 $11) 21. Rxa6 (21. Bd4 O-O 22. Rxa6 Ra8 {Mit
Zugumstellung erreichen wir die Partiefortsetzung.}) 21... O-O (21... Rxc3 22.
Bd4 Rc4 23. Bxg7 $11) 22. Bd4 Ra8 {Schwarz hat gutes Figurenspiel, da zählt
der materielle Nachteil nur wenig.} 23. Rxa8 Rxa8 24. Bc5 Rc8 25. Bd4 (25. Bb4
Rd8 $11) 25... Ra8 26. Re2 Bd5 27. Bc5 {Weiß will natürlich nicht den a-Bauern
aufgeben.} Rc8 28. Bd4 Ra8 29. Bc5 Rc8 30. Bd4 f6 {Schwarz ist mit der
Zugwiederholung nach ...Ra8 nicht zufrieden.} 31. Kf2 Kf7 32. Kg3 Rh8 (32... f5
33. Be5 $11) 33. Bg1 (33. Kxg4 Rxh2 34. Kg3 Rh1 $11) 33... Rc8 34. Bd4 Rh8 35.
Bg1 Ra8 36. Bc5 Rh8 37. Bg1 $6 {Der Zug selbst ist natürlich nicht schlecht,
aber Weiß hätte dreimalige Stellungswiederholung vor Ausführen des Zuges
reklamieren können.} f5 {Jetzt geht die Partie weiter.Schwarz hat vielleicht
einen minimalen Vortiel.} 38. Re1 Ra8 39. Bc5 Rc8 40. Bd4 Ra8 41. Bc5 Ra4 42.
h3 $5 {Weiß möchte den g-Bauern tauschen, um auf g7 einen Angriffspunkt zu
bekommen.} (42. Bb4 $11) 42... gxh3 43. gxh3 Rc4 44. Bd4 {[%cal Gd4g7]} Ra4 45.
Rg1 $5 (45. Bc5 $11) 45... Rxa3 46. Kh4 {[%csl Rf7,Rg7][%cal Rg1g7]} g6 47. Kg5
{[%csl Gg5]} Ra2 48. Kh6 Rxc2 49. Rxg6 Rh2 50. Rg3 Bg2 {[%cal Rg2h3,Rh2h3]} 51.
Rg7+ Ke8 52. Kg5 Rxh3 (52... Bxh3 53. Kf6 $14) 53. Kf6 Bd5 (53... Rh6+ 54. Ke5
Bd5 55. Kd6 $14) 54. Bb6 $5 $36 {Weiß spielt auf Mattmotive und gibt den
c-Bauern auf.} Rxc3 55. Re7+ (55. Rg8+ Kd7 56. Rd8+ Kc6 57. Rc8+ {[%cal Rc8c3]}
Kxb6 58. Rxc3 b4 59. Rc1 b3 60. Ke5 Kb5 61. Kd4 Kb4 $15) 55... Kf8 56. Rd7 {
[%cal Rd7d8,Rd8f8]} Kg8 (56... Rc8 57. Bc5+ Kg8 58. Kg6 Be4 59. Rg7+ Kh8 60.
Rh7+ Kg8 61. Bd4 e5 $8 $11) 57. Bd4 Rd3 58. Be5 Bc4 (58... Ra3 59. Rg7+ Kh8 (
59... Kf8 60. Bd6+ $18 {[%cal Rd6a3,Rd6f8]}) 60. Rg5 Kh7 $11 61. Rh5+ Kg8 62.
Kg6 Rg3+) 59. Rb7 {Weiß riskiert nichts. Er möchte (noch) nicht die Türme
tauschen.} (59. Rxd3 Bxd3 60. Kxe6 $11) 59... Rd2 60. Rc7 (60. Kg6 Rg2+ $11)
60... Rd3 61. Ra7 Rd1 62. Ra8+ Kh7 63. Ra3 (63. Kg5 {[%cal Ra8h8,Rh8h7]} Rg1+)
63... Rd3 (63... Bd5 64. Rh3+ Kg8 65. Ke7 {[%cal Rh3h8,Rh8g8]} Rh1 66. Rg3+ Kh7
$11) 64. Ra1 Bd5 {Schwarz verhindert 65.Rh1+.} 65. Rg1 Kh6 66. Rg5 Bf3 67. Ke7
(67. Kxe6 $11) 67... Rd2 (67... b4 $5 68. Bg7+ Kh7 69. Kf6 Rd2 70. Rg3 $15) 68.
Bg7+ Kh7 69. Kf6 Rg2 70. Rxg2 {Jetzt muß Weiß die Türme tauschen und auf Remis
spielen.} Bxg2 71. Bf8 {[%cal Gf8b4]} Bd5 72. Bd6 Kh6 73. Ke5 {Weiß bereitet
Kd4-c5-b4 vor. Er hat dann eine völlige Blockadestellung erreicht.} Kh5 74. Kd4
Kg4 75. Kc5 Bc4 76. Kb4 Kf3 77. Be5 Ke3 78. Bd6 Kd3 {Und hier wurde Remis
vereinbart. Schwarz macht nur noch Läuferzüge auf den Feldern b8, c7, d6 und
e5.} 1/2-1/2